000 00388pam a2200157a 44500
008 230405s2009 xxu||||| |||| 00| 0 eng d
020 _a8184486103
_cRs. 625.50
082 _a610.73
_bBAS
100 _aBasavanthappa, B.T.
245 _aFundamentals of Nursing
250 _a2nd Ed.
260 _aNew Delhi
_bJaypee Pub
_c2009
300 _a1041 p
502 _atext
906 _a001616
999 _c250311
_d250311